[Event "Navarra-ch"]
[Site "Pamplona"]
[Date "2017.04.01"]
[Round "3"]
[White "Sola Plaza, Gregorio"]
[Black "Rosa Gamez, Nerea"]
[Result "1-0"]
[WhiteElo "1866"]
[BlackElo "1465"]
[PlyCount "61"]
[EventDate "2017.03.11"]
[EventType "swiss"]
[EventRounds "7"]
[EventCountry "ESP"]
[SourceTitle "EXT 2018"]
[Source "ChessBase"]
[SourceDate "2017.10.13"]
[SourceVersion "1"]
[SourceVersionDate "2017.10.13"]
[SourceQuality "1"]

1. c4 Nf6 2. g3 e6 3. Nf3 Be7 4. Bg2 0-0 5. 0-0 d5 6. b3 c5 7. Bb2 Nc6 8. d3 Qc7 9. a3 b6 10. Qc2 Bb7 11. cxd5 exd5 12. d4 Ne4 13. Nbd2 f5 14. Rac1 Qd7 15. Rfd1 cxd4 16. b4 Rac8 17. Qb3 Kh8 18. Qd3 Bf6 19. Bxd4 Nxd4 20. Nxd4 Rxc1 21. Rxc1 Bg5 22. e3 Rc8 23. Rxc8+ Qxc8 24. N2b3 Ba6 25. b5 Bb7 26. Bf3 g6 27. Kg2 Nc5 28. Qd1 Nxb3 29. Qxb3 Bf6 30. Qb4 Qd7 31. Qf8# 1-0

[Event "ESP-ch U16"]
[Site "Salobrena"]
[Date "2015.07.20"]
[Round "2"]
[White "Rosa Gamez, Nerea"]
[Black "Dominguez Fernandez, Angel I"]
[Result "0-1"]
[WhiteElo "1354"]
[BlackElo "1988"]
[PlyCount "33"]
[EventDate "2015.07.20"]
[EventType "swiss"]
[EventRounds "9"]
[EventCountry "ESP"]
[SourceTitle "EXT 2016"]
[Source "ChessBase"]
[SourceDate "2015.10.08"]
[SourceVersion "1"]
[SourceVersionDate "2015.10.08"]
[SourceQuality "1"]

1. e4 e6 2. d3 d5 3. Nd2 Nc6 4. Ngf3 Nf6 5. g3 dxe4 6. dxe4 Bc5 7. Bg2 e5 8. 0-0 0-0 9. Re1 Qe7 10. Nh4 Bxf2+ 11. Kxf2 Ng4+ 12. Ke2 Qc5 13. Nc4 Qf2+ 14. Kd3 Rd8+ 15. Kc3 Rxd1 16. Rxd1 Nb8 17. Rh1 0-1

[Event "Navarra-ch"]
[Site "Pamplona"]
[Date "2014.05.17"]
[Round "6"]
[White "Rosa Gamez, Nerea"]
[Black "Arcos Garcia, Manuel"]
[Result "0-1"]
[WhiteElo "1475"]
[BlackElo "1479"]
[PlyCount "76"]
[EventDate "2014.03.29"]
[EventType "swiss"]
[EventRounds "8"]
[EventCountry "ESP"]
[SourceTitle "EXT 2016"]
[Source "ChessBase"]
[SourceDate "2015.10.08"]
[SourceVersion "1"]
[SourceVersionDate "2015.10.08"]
[SourceQuality "1"]

1. e4 d5 2. exd5 Qxd5 3. Nc3 Qa5 4. Nf3 Nf6 5. Be2 g6 6. 0-0 Bg7 7. d4 c6 8. Bd2 Qd8 9. Re1 0-0 10. Bc4 e6 11. Bg5 Nbd7 12. Ne5 Qc7 13. Qe2 Nd5 14. Nxd7 Bxd7 15. Nxd5 exd5 16. Bd3 Bxd4 17. c3 Bg7 18. Qd2 f5 19. Bh6 Rae8 20. Re2 Rxe2 21. Bxe2 Qe5 22. Re1 Re8 23. Bf4 Qf6 24. Kf1 Qf7 25. b3 a6 26. c4 Be6 27. cxd5 Bxd5 28. Bc4 Rxe1+ 29. Qxe1 Bxc4+ 30. bxc4 Qxc4+ 31. Kg1 Qxf4 32. Qe8+ Bf8 33. Qe6+ Kg7 34. Qd7+ Kh6 35. g3 Qc1+ 36. Kg2 Qb2 37. Qd8 Bc5 38. Qh4+ Kg7 0-1

[Event "Navarra-ch"]
[Site "Pamplona"]
[Date "2014.04.05"]
[Round "2"]
[White "Rosa Gamez, Nerea"]
[Black "Vazquez Arellano, Julio"]
[Result "0-1"]
[WhiteElo "1475"]
[BlackElo "1636"]
[PlyCount "82"]
[EventDate "2014.03.29"]
[EventType "swiss"]
[EventRounds "8"]
[EventCountry "ESP"]
[SourceTitle "EXT 2016"]
[Source "ChessBase"]
[SourceDate "2015.10.08"]
[SourceVersion "1"]
[SourceVersionDate "2015.10.08"]
[SourceQuality "1"]

1. e4 c5 2. Nf3 d6 3. d4 cxd4 4. Nxd4 Nf6 5. Nc3 a6 6. Be3 g6 7. Qd2 Bg7 8. 0-0-0 b5 9. f4 0-0 10. h3 b4 11. Nce2 Qa5 12. Nb3 Qxa2 13. Qxb4 Nxe4 14. Qxe4 Qxb2+ 15. Kd2 Bf5 16. Qc4 d5 17. Qc5 Nd7 18. Bd4 Nxc5 19. Bxb2 Ne4+ 20. Ke1 Bxb2 21. Rxd5 Rfc8 22. Nbd4 Bxd4 23. Nxd4 Ng3 24. Rg1 Bxc2 25. Kf2 Nxf1 26. Rxf1 Be4 27. Re5 Bd3 28. Rfe1 e6 29. g4 Bc4 30. Rg1 Rd8 31. Re4 Bd3 32. Ke3 Bxe4 33. Kxe4 Rd6 34. f5 Rad8 35. Nf3 exf5+ 36. gxf5 Re8+ 37. Kf4 Rf6 38. h4 a5 39. Rg5 h6 40. Rg3 Rxf5+ 41. Kg4 Re3 0-1